Paroles - Moumou la reine des mouettes - Statistiques

Statistiques générales
  • Ce quiz a été pris 144 fois
  • Le résultat moyen est 124 sur 160
Statistiques - réponses
Paroles % Correct
de
100%
la
100%
La
100%
reine
100%
des
99%
moumou
99%
C'est
98%
c'est
98%
mouettes
98%
moi
96%
qui
95%
droit
89%
du
85%
tout
85%
Couplet Salut
82%
Refrain Et
80%
Refrain et
80%
attention
77%
port
76%
va
75%
brest
74%
Brest
74%
revient
70%
gauche
67%
droite
65%
commencer
63%
L'aile
61%
patte
45%
Le
40%
le
40%
en
24%
Les
21%
les
21%
amis
18%
bec
16%
on
8%
tournant
7%
fait
6%
Aucun quiz correspondant
Distribution des résultats
% des personnes avec chaque résultat
Percentile par nombre de réponses
Votre historique - résultats
Vous n’avez pas pris ce quiz